000 00593nam a2200229Ia 4500
003 OSt
005 20220928145257.0
006 a|||||r|||| 00| 0
007 ta
008 220927b |||||||| |||| 00| 0 eng d
024 _a79795
037 _cTextual
040 _aSDCL
_cSDCL
_beng
041 _2eng
_aeng
082 _aC2,4, M3
100 _aChopra Kasturi Lal
_9512373
245 0 _aThin film device applications
260 _c1983
700 _a Indrajeet Kaur
_9512374
942 _hC2,4, M3
_cTEXL
_2CC
999 _c832870
_d832870